000
00314nam a22001337a 4500
008
170830b xxu||||| |||| 00| 0 eng d
020
_a
9781578201150
041
_a
eng
080
_a
621.397.13
100
_a
40
101
_a
MED
245
_a
LIGHTING FOR DIGITALVIDEO & TELEVISION
_c
JACKMAN,J
942
_2
udc
_c
BK
999
_c
25545
_d
25545